| 000 | 00335nam a22001457a 4500 | ||
|---|---|---|---|
| 003 | SGT | ||
| 020 | _a9789386456861 | ||
| 082 |
_a342.0954 _bSIN |
||
| 100 | _aSINGH , AVTAR | ||
| 245 | _aTHE CONSTITUTION OF INDIA | ||
| 250 | _a1 | ||
| 260 |
_aALLAHABAD _bCENTRAL LAW PUBLICATION _c2019 |
||
| 300 | _aLXXII, 1088 | ||
| 942 |
_2ddc _cBK _02 |
||
| 999 |
_c23009 _d23009 |
||